| 000 | 01083cam a2200301 4500 | ||
|---|---|---|---|
| 001 | M2093 | ||
| 008 | 090401t1996 xxu||||| |||| 00| 0 eng d | ||
| 035 | _a(Sirsi) u96318 | ||
| 041 | _aeng | ||
| 110 |
_aRoyal Institution of Chartered Surveyors _94900 |
||
| 245 | _aRural England : a nation committed to a living countryside : a joint response to the Government`s White Paper by The Royal Institution of Chartered Surveyors, The Royal Town Planning Institute, The Country Planning Officers` Society, The District Planning Officers` Society. | ||
| 260 |
_aLondon _bRICS _c1996 |
||
| 300 | _a20p. ; 30cm. | ||
| 350 | _a4 | ||
| 490 |
_aRICS Memorandum _vPU/Report(96)02 |
||
| 650 | _aCAP | ||
| 650 | _aCOMMON AGRICULTURAL POLICY | ||
| 650 | _aRURAL AREAS | ||
| 650 | _aRURAL ECONOMY | ||
| 650 | _aRURAL ENGLAND | ||
| 650 | _aRURAL WHITE PAPER | ||
| 690 | _aRURAL PRACTICE | ||
| 710 |
_aRoyal Town Planning Institute _91206 |
||
| 710 | _aCounty Planning Officers` Society | ||
| 710 |
_aDistrict Planning Officers' Society _92006 |
||
| 942 | _n0 | ||
| 948 | _c04/03/1997 | ||
| 999 |
_c98632 _d98632 |
||